000 00880nam a2200241 a 4500
001 000015954
005 20250502073819.0
008 100222s1985 dr r 000 0 spa d
040 _aDO-SdBNP
_bspa
_cBNPHU
082 _a352.23
_bV468p
100 1 _aVentura, Juan
_934784
245 1 0 _aPresidentes, juntas, consejos, triunviratos y gabinetes de la República Dominicana 1844-1944 /
_cJuan Ventura.
260 _aSanto Domingo :
_bONAP,
_c1985.
300 _a147 p. ;
_c22 cm.
490 1 _aONAP
490 1 _aDocumentos históricos
_v6
504 _aBibliografía : p. 141 - 144
650 4 _aPresidentes
_zRepública Dominicana
_9599
650 4 _aJefes de estado
_xRepública dominicana
_xCronología
_935847
710 1 _aRepública Dominicana.
_bOficina Nacional de Administración y Personal
_926398
830 0 _aDocumentos históricos
_n6
_935848
830 _aONAP
_910860
999 _c15496
_d15496